000 00499nam a2200217Ia 4500
008 210210b1999 xxu||||| |||| 00| 0 eng d
082 _a657.46 RAMI
100 _aRAMAN (B S)
245 _aIncome tax: law and practice 1999-2000
250 _a
260 _aMangalore.
_bUnited Publishers,
_c1999
300 _aiv,1554
650 _atax:
650 _apractice
650 _alaw
650 _aIncome
650 _aand
650 _a1999-2000
690 _aIncome Tax
906 _a054720
999 _c102843
_d102843